[Event "Norwegian Open"]
[Site "Oslo NOR"]
[Date "2005.03.22"]
[Round "4"]
[White "Hanley,C"]
[Black "Hammer,J"]
[Result "1/2-1/2"]
[WhiteElo "2397"]
[BlackElo "2273"]

1.c4 b6 2.Nf3 Bb7 3.g3 Bxf3 4.exf3 c5 5.Bg2 Nc6 6.O-O g6 7.Nc3 Bg7 8.a3 e6
9.f4 Nge7 10.Qa4 O-O 11.b4 a6 12.Rb1 Nd4 13.bxc5 bxc5 14.Rb7 Nec6 15.Ne4 Qe7
16.Bb2 Rfb8 17.Rxb8+ Rxb8 18.Bxd4 Bxd4 19.Qxa6 Qd8 20.Nc3 Qa5 21.Qxa5 Nxa5
22.Rb1 Rxb1+ 23.Nxb1 Nxc4 24.Bf1 Na5 25.Bb5 d5 26.a4 Bb2 27.d3 c4 28.dxc4 dxc4
29.Kf1 c3 30.Bd3 Nc6 31.Ke2 Nb4 32.a5 c2 33.Bxc2 Nxc2 34.Kd3 Nb4+ 35.Kc4 Nc6
36.a6 Bd4 37.f3 Bg1 38.Nc3 Bxh2 39.Ne2 Kf8  1/2-1/2

[Event "Arcimpex Cup"]
[Site "Frydek Mistek CZE"]
[Date "2005.03.24"]
[Round "2"]
[White "Jurcik,Mari"]
[Black "Wiley,To"]
[Result "1/2-1/2"]
[WhiteElo "2314"]
[BlackElo "2208"]

1.c4 b6 2.d4 e6 3.Nc3 Bb4 4.e4 Bb7 5.Qc2 Qh4 6.Bd3 Bxc3+ 7.bxc3 f5 8.g3 Qh5
9.f3 fxe4 10.fxe4 Nf6 11.Ne2 e5 12.O-O Ng4 13.h4 h6 14.c5 Nc6 15.Bc4 Nd8
16.Rf5 Qg6 17.h5 Qh7 18.dxe5 g6 19.hxg6 Qxg6 20.cxb6 axb6 21.Bd5 Ra5 22.Nf4 Qg7
23.Nh5 Qg6 24.Nf4 Qg7 25.Bd2 c6 26.Nh5 Qg6 27.Nf4 Qg7 28.Nh5 Qg6 29.Bb3 Rxe5
30.Nf6+ Ke7 31.Nxg4 Rxf5 32.exf5 Qxg4 33.Re1+ Kf6 34.Bf4 Nf7 35.Qd3 Qxf5
36.Qxf5+ Kxf5 37.Bxf7 h5 38.Bb3 c5 39.Re5+ Kg6 40.Bc2+ Kf6 41.Rf5+ Ke6 42.Re5+ Kf6
43.Re3 Rg8 44.Be5+ Kf7 45.Bc7 b5 46.Bd6 c4 47.Re7+ Kf6 48.Rxd7 Ke6 49.Rxb7 Kxd6
50.Rb6+ Kc7 51.Rxb5 Rxg3+ 52.Kf2 Rxc3 53.Be4 Ra3 54.Bb1 c3 55.Rxh5 Kb6 56.Rh6+ Kb5
57.Ke2 c2 58.Bxc2 Rxa2 59.Kd3 Ra8 60.Kc3 Rc8+ 61.Kb3 Rg8 62.Rh4 Kb6 63.Bd3 Rg3
64.Kc3 Kc6 65.Kd4 Rg7 66.Rh6+ Kc7 67.Bc4 Re7 68.Kc5 Rg7 69.Bd5 Re7 70.Ra6 Rd7
71.Bc6 Re7 72.Ra4 Re5+ 73.Bd5 Re7 74.Rb4 Rd7 75.Bc6 Re7 76.Kd5 Kd8 77.Kd6 Rd7+
78.Kc5 Re7 79.Rh4 Kc7 80.Ra4 Re5+ 81.Bd5 Re7 82.Rb4 Rd7 83.Be6 Re7 84.Kd5 Kd8
85.Rc4 Rc7 86.Rf4 Re7 87.Rf8+ Re8 88.Rf2 Re7 89.Ra2 Rg7 90.Ke5 Rc7 91.Rd2+ Ke8
92.Rh2 Ke7 93.Rh3 Rc5+ 94.Bd5 Rc7 95.Rh6 Rd7 96.Bc6 Rc7 97.Kd5 Kd8 98.Re6 Re7
99.Rd6+ Kc7 100.Kc5 Re5+ 101.Bd5 Re7 102.Be6 Rg7 103.Ra6 Kd8 104.Kd5 Rc7
105.Kd6 Rd7+ 106.Kc6 Rc7+ 107.Kd5 Ke7 108.Rb6 Kd8 109.Rb4  1/2-1/2

[Event "Open"]
[Site "Coventry ENG"]
[Date "2005.03.26"]
[Round "5"]
[White "Rayner,F"]
[Black "De Coverly,R"]
[Result "1-0"]
[WhiteElo "2195"]
[BlackElo "2093"]

1.c4 b6 2.Nc3 e6 3.e4 c5 4.Nf3 Bb7 5.d4 cxd4 6.Nxd4 a6 7.Bd3 d6 8.O-O Nf6
9.Qe2 Be7 10.Bd2 O-O 11.f4 b5 12.cxb5 d5 13.e5 Ne4 14.Be3 axb5 15.Nxe4 dxe4
16.Bxb5 Bc5 17.Rfd1 Qe7 18.Nb3 Bxe3+ 19.Qxe3 Bd5 20.Nc5 f5 21.a4 g5 22.g3 gxf4
23.gxf4 Kh8 24.Kh1 Nc6 25.Bxc6 Bxc6 26.b4 Rad8 27.b5 Ba8 28.h3 Rg8 29.Kh2 Rxd1
30.Rxd1 Rc8 31.Rd7 Qe8 32.Qg3 Qf8 33.Qh4 h6 34.b6 e3 35.b7 Bxb7 36.Nxb7 Rc2+
37.Kh1 Rc1+ 38.Kg2 Qg8+ 39.Kf3 Rf1+ 40.Kxe3 Qg1+ 41.Kd3 Rd1+ 42.Kc4 Rxd7
43.Qxh6+ Rh7 44.Qf8+ Qg8 45.Qxg8+ Kxg8 46.Nd8 Rh4 47.Nxe6 Kf7 48.Kd5 Ke7
49.a5 Rxh3 50.Nd4 Rd3 51.a6 Ra3 52.a7 Ke8 53.Nb5 Kd7 54.Nxa3  1-0

[Event "ch-RUS u18"]
[Site "Nojabrsk RUS"]
[Date "2005.04.08"]
[Round "3"]
[White "Maslov,Mi"]
[Black "Nechepurenko,R"]
[Result "0-1"]
[WhiteElo "2324"]
[BlackElo "2402"]

1.c4 b6 2.e4 Bb7 3.Nc3 c5 4.g3 g6 5.Bg2 Bg7 6.Nge2 Nc6 7.O-O d6 8.f4 Nf6
9.d3 e6 10.h3 Nd7 11.Nb5 Qb8 12.d4 a6 13.dxc5 axb5 14.cxb5 bxc5 15.bxc6 Bxc6
16.Nc3 O-O 17.Qd3 Bd4+ 18.Be3 e5 19.Rf2 Qb6 20.Rd1 Qa6 21.Qd2 Nb6 22.b3 Qa5
23.Rc1 f6 24.h4 Rad8 25.f5 gxf5 26.Rxf5 d5 27.Bxd4 cxd4 28.Nb1 Qxd2 29.Nxd2 Bd7
30.Rff1 f5 31.exf5 e4 32.a4 Bxf5 33.Rc6 Nc8 34.Re1 Bg4 35.b4 d3 36.Nb3 Be2  0-1

[Event "Open"]
[Site "Lenk SUI"]
[Date "2005.04.24"]
[Round "1"]
[White "Bachofner,S"]
[Black "Czebe,A"]
[Result "0-1"]
[WhiteElo "2032"]
[BlackElo "2473"]

1.c4 b6 2.Nc3 Bb7 3.Nf3 e6 4.d4 Bb4 5.Bd2 Nf6 6.e3 O-O 7.Bd3 d6 8.Qc2 Nbd7
9.a3 Bxc3 10.Bxc3 c5 11.O-O Bxf3 12.gxf3 cxd4 13.Bxd4 Rc8 14.Rac1 d5 15.Qe2 e5
16.Bc3 e4 17.fxe4 dxe4 18.Bc2 Qc7 19.Bd4 Ne5 20.Bxe5 Qxe5 21.Bd1 Rfe8 22.Kh1 Re6
23.Rg1 Rd6 24.Bb3 Rcd8 25.Rcd1 a5 26.Rxd6 Rxd6 27.h3 Qf5 28.Kh2 Nd7 29.Bc2 Ne5
30.f4 Rd2  0-1

[Event "2nd Open"]
[Site "Porto Carras GRE"]
[Date "2005.04.25"]
[Round "5"]
[White "Mastrovasilis,A"]
[Black "Chatalbashev,B"]
[Result "1/2-1/2"]
[WhiteElo "2473"]
[BlackElo "2499"]

1.c4 b6 2.b3 Bb7 3.Bb2 Nf6 4.Nf3 e6 5.e3 d5 6.d4 Bd6 7.Nc3 O-O 8.cxd5 exd5
9.Bd3 Nbd7 10.O-O a6 11.Rc1 Re8 12.Ne2 Ne4 13.Ng3 Qf6 14.Qc2 Nxg3 15.Bxh7+ Kf8
16.fxg3 Qh6 17.Ne5 Nf6 18.Qxc7 Bxc7 19.Ba3+ Re7 20.Bxe7+ Kxe7 21.Rxc7+ Ke8
22.Nxf7 Qxe3+ 23.Kh1 Rc8 24.Rxb7 Rc6 25.Bg6 Kf8 26.Rb8+ Ke7 27.Rb7+ Kf8 28.Rb8+ Ke7
29.Rb7+ Kf8 30.Ne5 Rc1 31.Nd7+ Kg8 32.Rb8+ Ne8 33.Bd3 Rxf1+ 34.Bxf1 Qe1 35.Kg1 Qe3+
36.Kh1 Qe1 37.Kg1 Qe3+  1/2-1/2

[Event "23rd Liechtenstein Open"]
[Site "Triesen LIE"]
[Date "2005.05.02"]
[Round "4"]
[White "Dittmar,P"]
[Black "Dizdar,G"]
[Result "1/2-1/2"]
[WhiteElo "2319"]
[BlackElo "2524"]

1.c4 b6 2.Nf3 Bb7 3.g3 Bxf3 4.exf3 c5 5.d4 Nc6 6.Be3 cxd4 7.Bxd4 Nxd4 8.Qxd4 Nf6
9.Nc3 e6 10.Be2 Be7 11.O-O O-O 12.Rfd1 Qc7 13.Rac1 Rac8 14.f4 Rfd8 15.Qe5 Qb7
16.Qe3 Bb4 17.a3 Bf8 18.Bd3 g6 19.Qe2 Rc5 20.Rc2 d5 21.cxd5 Nxd5 22.Rdc1 Nxc3
23.Rxc3 Rxc3 24.Rxc3 Bg7 25.Be4 Qb8 26.Rc2 Qd6 27.Kg2 Bf6 28.Bf3 Kg7 29.Qc4 Qd3
30.Be2 Qd6 31.Qe4 Qe7 32.Qe3 Bd4 33.Qf3 Rd5 34.Bc4 Rd6 35.a4 h5 36.h4 Bc5
37.b3 Rd4 38.Re2 Qd6 39.Qc3 Kg8 40.Qf3 Kg7 41.Qb7 Kf6 42.Qa8 Qf8 43.Qc6 Qd8
44.Qf3 Rd1 45.Qe4 Qd4 46.Qxd4+ Bxd4 47.Rc2 Bc5 48.Kf3 Ke7 49.Ke2 Rb1 50.Rd2 Bb4
51.Rc2 Re1+ 52.Kf3 Bc5 53.Rd2 Rc1 54.Ke2 Rc3 55.Ra2 Bb4 56.Rb2 Kd6 57.Rd2+ Ke7
58.Ra2 Rc1 59.Kf3 Kd6 60.Re2 Bc3 61.Bd3 Rd1 62.Ke3 Kc5 63.Bc4 Rd4 64.Kf3 Rd8
65.Re4 Bd4 66.Re2 Bc3 67.Re4 Bd4 68.Re2 Bc3  1/2-1/2

[Event "Open"]
[Site "Znojmo CZE"]
[Date "2005.05.21"]
[Round "8"]
[White "Kozak,Mi"]
[Black "Djurkovic,M"]
[Result "1-0"]
[WhiteElo "2257"]
[BlackElo "2182"]

1.c4 b6 2.d4 Bb7 3.Nc3 e6 4.a3 f5 5.d5 Nf6 6.g3 b5 7.Nxb5 exd5 8.Bf4 d6 9.Bg2 c6
10.Nd4 dxc4 11.Qa4 Qb6 12.Ngf3 Nd5 13.Qxc4 Nxf4 14.gxf4 d5 15.Qc3 c5 16.Qe3+ Kf7
17.Ng5+ Kg8 18.Nxf5 Qf6 19.Qe6+ Qxe6 20.Nxe6 Na6 21.Ne3 Kf7 22.Ng5+ Kg6 23.Nxd5 Bxd5
24.Bxd5 Rd8  1-0

[Event "TCh-ROM A"]
[Site "Tusnad ROM"]
[Date "2005.05.26"]
[Round "6"]
[White "Sfarlog,T"]
[Black "Doncea,V"]
[Result "0-1"]
[WhiteElo "2016"]
[BlackElo "2380"]

1.c4 b6 2.Nc3 Bb7 3.e4 e6 4.d4 Bb4 5.d5 Bxc3+ 6.bxc3 d6 7.Bd3 Nd7 8.Ne2 Ngf6
9.Ba3 Qe7 10.O-O e5 11.f3 h5 12.Bc1 Nf8 13.Bg5 N8h7 14.Qa4+ Qd7 15.Qxd7+ Nxd7
16.Be3 h4 17.g3 Nhf8 18.Nc1 a5 19.Nb3 Nf6 20.Rab1 Bc8 21.Nd2 Ng6 22.Bc2 Bd7
23.Rf2 Nh5 24.Nf1 O-O-O 25.f4 exf4 26.gxf4 Rde8 27.c5 dxc5 28.e5 Ne7 29.d6 Nd5
30.Bd2 cxd6 31.Bb3 Bc6 32.Bxd5 Bxd5 33.Rxb6 dxe5 34.Rb5 Kd7 35.Rxc5 Kd6 36.Rxa5 exf4
37.Bxf4+ Nxf4 38.Rxf4 Re2 39.Ra6+ Kc5 40.Ra5+ Kd6 41.Rf2 Rhe8 42.Ra4 R8e4
43.Rxe4 Rxe4 44.Nd2 Rg4+ 45.Kf1 Bxa2 46.Nf3 Bc4+ 47.Ke1 f6 48.Nd4 Kd5 49.Kd2 Ba6
50.Nf5 Ke4 51.h3 Rg3 52.Nxh4 Rxh3 53.Nf5 g5 54.Nd6+ Ke5 55.Nf7+ Ke6 56.Nd8+ Ke7
57.Nc6+ Kf7 58.c4 Kg7 59.c5 g4 60.Rg2 f5 61.Nb4 Rb3 62.Nc2 Rd3+ 63.Ke1 Rc3
64.Nd4 Kf6 65.Ra2 Bc4 66.Ra8 g3 67.Rf8+ Ke5 68.Nc6+ Kf4  0-1

[Event "14th CRO-Cup"]
[Site "Sibenik CRO"]
[Date "2005.06.02"]
[Round "5"]
[White "Ramesa,D"]
[Black "Vlaic,B"]
[Result "1-0"]
[WhiteElo "2163"]
[BlackElo "2259"]

1.c4 b6 2.Nc3 Bb7 3.e4 e5 4.Nf3 Nc6 5.Be2 Bc5 6.O-O Nge7 7.Nxe5 Nxe5 8.d4 Bd6
9.dxe5 Bxe5 10.Nd5 c6 11.Ne3 O-O 12.f4 Bc7 13.g3 d5 14.exd5 cxd5 15.Bf3 Qd6
16.Qd4 b5 17.c5 Qg6 18.Rd1 Rad8 19.Qd3 Bxf4 20.Qxg6 Bxe3+ 21.Bxe3 hxg6 22.b4 Bc6
23.Bf4 Rfe8 24.Re1 Nf5 25.Rad1 Rxe1+ 26.Rxe1 Nd4 27.Bg2 Nc2 28.Re7 Nxb4 29.Rxa7 Ra8
30.Rxa8+ Bxa8 31.a3 Nd3 32.Bf1 Nxf4 33.gxf4 Bc6 34.Kf2 f6 35.Ke3 Kf7 36.Kd4 Ke7
37.Bd3 Kf7 38.h4 g5 39.fxg5 fxg5 40.hxg5 Ke6 41.Bh7 Kf7 42.Bf5 Ke7 43.Ke5 Bb7
44.Be6 d4 45.Bf5 Bf3 46.Kxd4 Kd8 47.Bd3 Bc6 48.Kc3 Ke7 49.Kb4 Kf7 50.Bxb5 Be4
51.c6 Kg6 52.c7 Bb7 53.Bd7  1-0

[Event "4th Open"]
[Site "La Fere FRA"]
[Date "2005.07.03"]
[Round "2"]
[White "Laval,B"]
[Black "Philippe,C"]
[Result "0-1"]
[WhiteElo "2178"]
[BlackElo "2411"]

1.c4 b6 2.Nf3 Bb7 3.Nc3 f5 4.g3 Nf6 5.Bg2 g6 6.O-O Bg7 7.d4 O-O 8.Re1 Na6
9.a3 e6 10.Qc2 Qe7 11.Bg5 h6 12.Bxf6 Qxf6 13.e4 Rae8 14.Rad1 d6 15.Rd2 Nb8
16.Rde2 Qf7 17.e5 Bxf3 18.Bxf3 dxe5 19.dxe5 Rd8 20.Bg2 Rd7 21.Nd5 Rfd8 22.h4 Kh8
23.Nf4 Rd4 24.Qc3 c5 25.Re3 Nd7 26.Nd3 Nf8 27.f4 Qd7 28.Nf2 Nh7 29.Bf1 Bf8
30.Rd3 g5 31.hxg5 hxg5 32.Rxd4 cxd4 33.Qf3 gxf4 34.gxf4 Bh6 35.Nd3 Rg8+ 36.Kf2 Qe7
37.Qh3 Rg6 38.Be2 Bf8 39.Rg1 Rxg1 40.Kxg1 Qc7 41.Ne1 d3 42.Qxd3 Qg7+ 43.Kf1 Bc5
44.Ng2 Qh6 45.Ke1 Qh1+ 46.Bf1 Qg1 47.Kd2 Nf8 48.Kc3 Ng6 49.b4 Bd4+ 50.Qxd4 Qxf1
51.Qd2 Kg7 52.c5 bxc5 53.bxc5 Ne7 54.Ne1 Nd5+ 55.Kd4 Qa6 56.Nd3 Qxa3 57.c6 Kf7
58.Qb2 Qa4+ 59.Kc5 Nb6 60.Qb5 Qa3+ 61.Kd4 Qa1+ 62.Kc5 Ke7  0-1

[Event "34th TCh-GRE"]
[Site "Ermioni Argolidas GRE"]
[Date "2005.07.08"]
[Round "5"]
[White "Goritsas,C"]
[Black "Nikolaidis,I"]
[Result "1/2-1/2"]
[WhiteElo "2260"]
[BlackElo "2522"]

1.c4 b6 2.Nc3 c5 3.e4 Nc6 4.Nge2 e6 5.d3 Nf6 6.g3 Be7 7.Bg2 O-O 8.O-O Bb7
9.h3 Qc8 10.g4 d6 11.a3 a6 12.Rb1 Nd7 13.g5 f5 14.f4 g6 15.Be3 Rf7 16.h4 Bf8
17.b3 Bg7 18.d4 cxd4 19.Nxd4 Nxd4 20.Bxd4 e5 21.fxe5 dxe5 22.Bf2 b5 23.Nd5 bxc4
24.Rc1 Qf8  1/2-1/2

[Event "7th Festival IM"]
[Site "Saint Lo FRA"]
[Date "2005.07.15"]
[Round "8"]
[White "Cossin,S"]
[Black "Poley,V"]
[Result "1-0"]
[WhiteElo "2391"]
[BlackElo "2397"]

1.c4 b6 2.Nc3 e6 3.e4 Bb7 4.Nf3 d6 5.d4 Nd7 6.Bd3 g6 7.Bg5 Ne7 8.Qd2 h6 9.Be3 Bg7
10.O-O-O a6 11.g4 c5 12.d5 Qc7 13.g5 h5 14.dxe6 fxe6 15.Bc2 Ne5 16.Nxe5 Bxe5
17.f4 Bxc3 18.Qxc3 O-O-O 19.Rhf1 d5 20.Qf6 d4 21.Bf2 Qd7 22.f5 Rhf8 23.fxe6 Qc7
24.Bg3 Rxf6 25.gxf6 Qc6 26.fxe7 Qxe6 27.exd8=Q+ Kxd8 28.Rf8+ Ke7 29.Rdf1 Qxc4
30.R1f7+ Qxf7 31.Rxf7+ Kxf7  1-0

[Event "Open A"]
[Site "Chojnice POL"]
[Date "2005.07.19"]
[Round "5"]
[White "Kuzmicz,K"]
[Black "Hasinski,K"]
[Result "1-0"]
[WhiteElo "2357"]
[BlackElo "2098"]

1.c4 b6 2.Nc3 Bb7 3.e4 e6 4.d4 d5 5.cxd5 exd5 6.exd5 Bxd5 7.Nxd5 Qxd5 8.Ne2 Nd7
9.Nc3 Bb4 10.Be2 Bxc3+ 11.bxc3 Rd8 12.O-O Ne7 13.Qa4 O-O 14.Bf3 Qa5 15.Qxa5 bxa5
16.Bf4 Rc8 17.Rab1 Nb6 18.Rb5 a4 19.Ra5 Ng6 20.Bc1 Rfd8 21.Rxa7 Ne7 22.Ba3 Ned5
23.Rc1 Nf4 24.g3 Ne6 25.Bc6 Rb8 26.Rb1 h6 27.d5 Ng5 28.Rxc7 Nc4 29.Rxb8 Rxb8
30.Bb4 Rd8 31.Be7 Rb8 32.Bxg5 hxg5 33.Bxa4 Rb1+ 34.Kg2 Ne5 35.Rc8+  1-0

[Event "Open Dutch Championship"]
[Site "Dieren NED"]
[Date "2005.07.27"]
[Round "2"]
[White "Bosboom,M"]
[Black "De Kleuver,E"]
[Result "1-0"]
[WhiteElo "2419"]
[BlackElo "2159"]

1.c4 b6 2.d4 e6 3.a3 Nf6 4.Nc3 Bb7 5.d5 g6 6.g3 Bg7 7.Bg2 O-O 8.Nf3 c6 9.dxe6 dxe6
10.O-O Qe7 11.Bf4 Rd8 12.Qc2 Nfd7 13.Rad1 e5 14.Bg5 f6 15.Be3 f5 16.c5 Na6
17.cxb6 axb6 18.Ng5 Nac5 19.b4 Ne6 20.Qb3 Nf8 21.Rxd8 Rxd8 22.Nxe6 Qxe6 23.Qxe6+ Nxe6
24.Bxb6 Ra8 25.Nb1 e4 26.Rd1 Ba6 27.Rd6 Bc4 28.f3 Ba2 29.Nd2 exf3 30.Bxf3 Rxa3
31.Rxc6 Nd4 32.Rc8+ Kf7 33.Rc7+ Kf8 34.Bc5+ Kg8 35.Rxg7+ Kxg7 36.Bxd4+ Kf7
37.b5 Ra4 38.Bc3 Ke7 39.b6  1-0

[Event "4th Open"]
[Site "Davos SUI"]
[Date "2005.08.01"]
[Round "3"]
[White "Turner,Ma"]
[Black "Bigg,A"]
[Result "1-0"]
[WhiteElo "2494"]
[BlackElo "2277"]

1.c4 b6 2.Nc3 Bb7 3.d4 e6 4.a3 Nf6 5.Nf3 d5 6.cxd5 exd5 7.Qc2 Be7 8.Bf4 a6
9.e3 O-O 10.Be2 Nbd7 11.Rc1 c5 12.O-O Rc8 13.dxc5 bxc5 14.Rfd1 Qb6 15.Ne5 Nxe5
16.Bxe5 Rfd8 17.Bf3 Qe6 18.Bg3 Ba8 19.Qa4 g5 20.Be2 d4 21.exd4 cxd4 22.Rxd4 Rxc3
23.Rxd8+ Bxd8 24.Rxc3 Qxe2 25.Re3 Qd2 26.Qxa6 Qc1+ 27.Qf1 Qxb2 28.Qd1 Nd5
29.Re8+  1-0

[Event "FSIMA August"]
[Site "Budapest HUN"]
[Date "2005.08.07"]
[Round "2"]
[White "Brustkern,J"]
[Black "Hoang Tri"]
[Result "1-0"]
[WhiteElo "2250"]
[BlackElo "2207"]

1.c4 b6 2.d4 Bb7 3.Nc3 e6 4.e4 Ne7 5.Nf3 d6 6.Bg5 Nd7 7.Qd2 h6 8.Be3 Nf6
9.Bd3 Qd7 10.h3 O-O-O 11.O-O-O Kb8 12.Kb1 Qc8 13.Qc2 Nc6 14.a3 g6 15.Rc1 Nd7
16.Rhd1 Bg7 17.Qa4 e5 18.d5 Ne7 19.b4 f5 20.Ne1 Rhf8 21.f3 a6 22.Rd2 c5 23.Rb2 Qc7
24.Be2 Nc8 25.Ka1 Rf7 26.Rcb1 f4 27.Bf2 g5 28.Nd3 Bf6 29.Qd1 Rff8 30.a4 cxb4
31.Nxb4 Ka8 32.Qd2 a5 33.Nb5 Qb8 34.Nc6 Bxc6 35.dxc6  1-0

[Event "FSIMA August"]
[Site "Budapest HUN"]
[Date "2005.08.10"]
[Round "5"]
[White "Bors,T"]
[Black "Wiley,To"]
[Result "1-0"]
[WhiteElo "2290"]
[BlackElo "2305"]

1.c4 b6 2.Nc3 Bb7 3.e4 e6 4.Nf3 Bb4 5.Bd3 Ne7 6.a3 Bxc3 7.dxc3 d6 8.O-O Nd7
9.Bc2 Ng6 10.Nd4 O-O 11.Qe2 a6 12.Be3 Nc5 13.f3 Qf6 14.b4 Nd7 15.Qd2 h6 16.f4 e5
17.fxe5 Qxe5 18.Rae1 Nf6 19.Bf2 Ng4 20.Bg3 Qg5 21.Qe2 N4e5 22.Rf5 Qe7 23.Rh5 Rfe8
24.Nf5 Qf8 25.Rf1 Bc8 26.Be1 Be6 27.Bb3 b5 28.Bd2 bxc4 29.Bc2 f6 30.h3 Bxf5
31.exf5 Nd3 32.Qg4 Nge5 33.Qg3 Kf7 34.Rh4 Ke7 35.Bd1 Kd7 36.Bh5 Re7 37.a4 Rb8
38.Rd4 Qd8 39.Qh4 Qg8 40.Qg3 Qd8 41.Be2 Rb6 42.Bf4 Rc6 43.Bxe5 Nxe5 44.a5 Kc8
45.Rd5 Qg8 46.Rfd1 Nd3 47.Bf3 Re3 48.Qg4 Kd7 49.b5 axb5 50.Rxb5 Rc5 51.Rxc5 Nxc5
52.Bd5 Qf8 53.Qxc4 c6 54.Bf3 Qe7 55.Qxc5 Re1+ 56.Kf2  1-0

[Event "Premiership International"]
[Site "Coulsdon ENG"]
[Date "2005.08.31"]
[Round "5"]
[White "Snape,I"]
[Black "Bigg,A"]
[Result "1-0"]
[WhiteElo "2267"]
[BlackElo "2277"]

1.c4 b6 2.d4 e6 3.a3 Nf6 4.Nc3 Bb7 5.d5 exd5 6.cxd5 b5 7.e4 b4 8.axb4 Bxb4
9.Bd3 Qe7 10.Ne2 c6 11.O-O O-O 12.Ng3 cxd5 13.exd5 Nxd5 14.Nxd5 Bxd5 15.Qh5 f5
16.Nxf5  1-0

[Event "zt 2.3"]
[Site "Guayaquil ECU"]
[Date "2005.09.06"]
[Round "3"]
[White "Guerrero,C"]
[Black "Matamoros Franco,C"]
[Result "0-1"]
[WhiteElo "2132"]
[BlackElo "2504"]

1.c4 b6 2.Nc3 Bb7 3.d4 e6 4.e4 Bb4 5.Qc2 Qh4 6.Bd3 f5 7.g3 Qh5 8.f3 Nc6 9.Be3 fxe4
10.fxe4 Nf6 11.Qe2 Qa5 12.Rc1 e5 13.Nf3 exd4 14.Nxd4 Nxd4 15.Bxd4 O-O 16.O-O Bc5
17.Bxc5 Qxc5+ 18.Kg2 Rae8 19.Nd5 Qd4 20.Rce1 Nxd5 21.Rxf8+ Kxf8 22.cxd5 Bxd5
23.Qh5 Qxd3 24.Rf1+ Ke7 25.Qg5+ Kd6 26.Qf4+ Kc6 27.Rc1+ Bc4 28.e5 Qd5+ 29.Kg1 Qxe5
30.Qxc4+ Kb7  0-1

[Event "EYg18"]
[Site "Herceg Novi SCG"]
[Date "2005.09.17"]
[Round "4"]
[White "Topel,Z"]
[Black "Rudolf,An"]
[Result "1/2-1/2"]
[WhiteElo "2081"]
[BlackElo "2210"]

1.c4 b6 2.Nc3 Bb7 3.Nf3 e6 4.g3 Bxf3 5.exf3 c5 6.Bg2 Nc6 7.d3 g6 8.Bf4 Bh6
9.Bd6 Bf8 10.Bxf8 Kxf8 11.Ne2 Qf6 12.Qd2 Nge7 13.g4 h5 14.Qc3 Qg7 15.Rd1 Rc8
16.Qxg7+ Kxg7 17.O-O d5 18.h3 Rhd8 19.f4 hxg4 20.hxg4 Rd7 21.Nc3 Rcd8 22.cxd5 Nxd5
23.Nxd5 exd5 24.Rfe1 Kf8 25.a3 Re8 26.Re3 Nd4 27.Rde1 Red8 28.Rd1 Re8 29.Rde1 Red8
30.Rd1 Ne6 31.f5 gxf5 32.gxf5 Nf4 33.Rde1 d4 34.Rf3 Nxg2 35.Kxg2 f6 36.Re6 Rd6
37.Re4 R8d7 38.Rh3 Rg7+ 39.Kf3 Rg5 40.Rh7 Rxf5+ 41.Kg4 Rg5+ 42.Kf4 Rdd5 43.Kf3 a6
44.Rb7 b5 45.Rh4 Rh5 46.Rg4 Rdf5+ 47.Ke2 Rh2 48.Rgg7 Rfxf2+ 49.Ke1 Re2+ 50.Kf1 Re3
51.Rgd7 Ke8 52.Ra7 Kf8  1/2-1/2

[Event "EYb16"]
[Site "Herceg Novi SCG"]
[Date "2005.09.17"]
[Round "4"]
[White "Fossum,A"]
[Black "Tereick,B"]
[Result "0-1"]
[WhiteElo "2017"]
[BlackElo "2181"]

1.c4 b6 2.Nc3 Bb7 3.e4 e5 4.g3 Bc5 5.Bg2 Ne7 6.Nge2 O-O 7.O-O Nbc6 8.d3 f5
9.Nd5 Nd4 10.b4 Nxe2+ 11.Qxe2 Bd4 12.Bb2 Nc6 13.b5 Bxb2 14.bxc6 dxc6 15.Qxb2 cxd5
16.exd5 Qd6 17.Rfe1 Rae8 18.Re2 f4 19.Bh3 Qh6 20.Bg4 Qg6 21.Be6+ Rxe6 22.dxe6 Qxd3
23.Rxe5 Qf3 24.Kf1 fxg3 25.hxg3 Qg2+ 26.Ke1 Qg1+ 27.Kd2 Rxf2+ 28.Kd3 Qxg3+
29.Re3 Qg6+ 30.Kc3 Qf6+  0-1

[Event "Open A"]
[Site "Hamburg GER"]
[Date "2005.10.03"]
[Round "3"]
[White "Asendorf,J"]
[Black "Schlesinger,C"]
[Result "1-0"]
[WhiteElo "2328"]
[BlackElo "2087"]

1.c4 b6 2.Nc3 Bb7 3.e4 e6 4.a3 Be7 5.d4 d6 6.g3 f5 7.Bg2 Nf6 8.d5 Nbd7 9.exf5 exf5
10.Nge2 Nf8 11.Nd4 Qd7 12.O-O O-O-O 13.Nc6 a6  1-0

[Event "Open A"]
[Site "Hamburg GER"]
[Date "2005.10.06"]
[Round "6"]
[White "Stark,L"]
[Black "Beyer,F"]
[Result "1-0"]
[WhiteElo "2342"]
[BlackElo "2136"]

1.c4 b6 2.Nc3 f5 3.d3 e6 4.e4 fxe4 5.dxe4 Bb4 6.Ne2 Bb7 7.a3 Be7 8.Nf4 g6
9.Be3 Nc6 10.Be2 Bf6 11.Rc1 Qe7 12.O-O Qg7 13.Qa4 a6 14.Rfd1 Rd8 15.Bf1 Nh6
16.h3 O-O 17.Nfe2 Kh8 18.Qc2 g5 19.f3 Be5 20.b4 Bf4 21.Nxf4 gxf4 22.Bf2 Ne5
23.Kh1 Nhf7 24.c5 bxc5 25.Bxc5 Rg8 26.Qf2 Qg5 27.Bd4 Qh6 28.Ne2 Bc6 29.Rc5 Qg7
30.Nxf4 Bb5 31.Bxb5 axb5 32.Nd3 d6 33.Rxc7 Qg6 34.f4 Qh5 35.Rd2 Nh6 36.Nxe5  1-0

[Event "TCh-NED 2005-6"]
[Site "Netherlands NED"]
[Date "2005.10.15"]
[Round "2"]
[White "Hoeksema,E"]
[Black "Hoogendoorn,J"]
[Result "1/2-1/2"]
[WhiteElo "2401"]
[BlackElo "2395"]

1.c4 b6 2.Nc3 Bb7 3.Nf3 Nf6 4.d4 g6 5.g3 Bg7 6.Bg2 O-O 7.O-O a6 8.b3 c5 9.Bb2 cxd4
10.Qxd4 Ne4 11.Qe3 Nxc3 12.Bxc3 Bxc3 13.Qxc3 d6 14.Qe3 Nd7 15.Qh6 Bxf3 16.Bxf3 Rb8
17.Rfd1 Ne5 18.Rd4 Nxf3+ 19.exf3 f5 20.Re1 Qd7 21.h4 Rbe8 22.h5 e5 23.Rd5 Re6
24.Qd2 Qe7 25.Rd1 Rff6 26.Qg5 Qf8 27.Kg2 f4 28.Qg4 e4 29.fxe4 Rxe4 30.Qf3 Ree6
31.g4 Qe7 32.R1d4 Re1 33.g5 Rf8 34.Rxf4 Rxf4 35.Qxf4 Qe2 36.Qh4 Qf1+ 37.Kf3 Qe2+
38.Kg2 Qf1+ 39.Kf3 Qe2+  1/2-1/2

[Event "SCG First League w"]
[Site "Vrnjacka Banja SCG"]
[Date "2005.10.17"]
[Round "1"]
[White "Chelushkina,I"]
[Black "Kovacevic,R"]
[Result "1-0"]
[WhiteElo "2315"]
[BlackElo "2059"]

1.c4 b6 2.Nc3 Bb7 3.e4 e6 4.a3 Nf6 5.e5 Ne4 6.Nf3 d6 7.Qa4+ Nd7 8.exd6 Nxc3
9.dxc3 Bxd6 10.Bg5 f6 11.Be3 c5 12.O-O-O Qc7 13.Bd3 Bc6 14.Qc2 Bxf3 15.gxf3 O-O-O
16.h4 f5 17.Kb1 Ne5 18.Be2 Nf7 19.Rhg1 g6 20.h5 Rhg8 21.hxg6 hxg6 22.Rh1 Rh8
23.Rxh8 Rxh8 24.Rg1 g5 25.Qc1 Bf4 26.Bd1 Qe5 27.Re1 Bxe3 28.Rxe3 Qf6 29.Ba4 Rd8
30.Qe1 Rd6 31.Qh1 f4 32.Re2 Qh8 33.Qe1 Qh3 34.Ka2 Kd8 35.Rd2 Ke7 36.Rxd6 Nxd6
37.Qe2 Qg2 38.Qe5 Nf7 39.Qc7+ Kf6 40.Be8 Ne5 41.Qd8+ Kf5 42.Bh5 Qf1 43.Qf8+ Nf7
44.Qxf7+ Ke5 45.Qg7+ Kd6 46.Qf8+ Ke5 47.Qb8+ Kf6 48.Qh8+ Ke7 49.Qh7+ Kd6
50.Qe4 Qxf2 51.Bg4 Qe3 52.Qb7 Qd3 53.Qb8+ Ke7 54.Qxa7+ Kf6 55.Qxb6 Qxc4+
56.Qb3 Qa6 57.a4 Ke7 58.c4  1-0

[Event "Open A"]
[Site "Liberec CZE"]
[Date "2005.10.28"]
[Round "8"]
[White "Zeinert,M"]
[Black "Fiala,Jar"]
[Result "1-0"]
[WhiteElo "2113"]
[BlackElo "2281"]

1.c4 b6 2.Nc3 Bb7 3.e4 e6 4.Nf3 Bb4 5.Qc2 Bxc3 6.bxc3 Qe7 7.d4 d6 8.Bd3 Nd7
9.O-O e5 10.a4 a5 11.Rb1 Ngf6 12.Nd2 Nh5 13.Nb3 c5 14.f4 f6 15.Qe2 Nxf4 16.Bxf4 exf4
17.Rxf4 Bc6 18.Ra1 Kd8 19.Nd2 Kc7 20.Rff1 Rae8 21.Bc2 g6 22.Rae1 Rhf8 23.Qd1 Qg7
24.Nb1 Rf7 25.Na3 Qf8 26.Nb5+ Bxb5 27.cxb5 Rfe7 28.Qf3 Kb8 29.Qg3 Kc7 30.Rd1 c4
31.Qf3 Kb8 32.e5 dxe5 33.Qc6 Rc8 34.Qd6+ Rc7 35.dxe5 Rxe5 36.Qxf8+ Nxf8 37.Rxf6 Nd7
38.Rfd6 Re7 39.R1d4 Ka7 40.Be4 Nc5 41.Bc6 Re1+ 42.Kf2 Rce7 43.Rd8 R1e2+ 44.Kg3 R2e3+
45.Kh4 Nb7 46.R8d7 Kb8 47.Bxb7 Rxd7 48.Rxd7 Rxc3 49.Bf3 Ra3 50.Rb7+ Kc8 51.Rxb6 c3
52.Rc6+  1-0

[Event "Autumn Open"]
[Site "St Petersburg RUS"]
[Date "2005.10.30"]
[Round "2"]
[White "Eliseev,Alexe"]
[Black "Churkin,V"]
[Result "1-0"]
[WhiteElo "2425"]
[BlackElo "2301"]

1.c4 b6 2.Nc3 e6 3.Nf3 Bb7 4.e4 Bb4 5.Bd3 Ne7 6.O-O O-O 7.a3 Bxc3 8.dxc3 f5
9.Re1 fxe4 10.Bxe4 Bxe4 11.Rxe4 Nbc6 12.Bg5 Qe8 13.Qe2 Nf5 14.Bf4 Rc8 15.Rd1 Na5
16.b4 Nb7 17.g4 Ne7 18.Bg3 Ng6 19.h4 Nd6 20.Red4 Qf7 21.Ng5 Qf6 22.c5 e5
23.Rd5 h6 24.Rxd6 cxd6 25.Rxd6 Nf4 26.Qe4 hxg5 27.Rxf6 Rxf6 28.hxg5 Nh3+
29.Kg2 Nxg5 30.Qd5+ Rf7 31.cxb6 axb6 32.Bxe5 Nf3 33.a4 g5 34.Bd4 Rc6 35.b5 Re6
36.Be3 Rh6 37.Qxf3 Rxf3 38.Kxf3 d5 39.Bxg5 Rh3+ 40.Kf4 Rxc3 41.Ke5 Rc4 42.Be3 d4
43.Bxd4 Rxa4 44.Bxb6 Rb4 45.Kf6 Rxb5 46.Bc7 Rc5 47.Be5 Rc6+ 48.Ke7 Rc5 49.f4 Ra5
50.g5 Kh7 51.Kf6 Ra6+ 52.Kf5 Rb6 53.Kg4 Rb5 54.Kh5 Rb6 55.Bc3 Rb5 56.Bf6 Ra5
57.Bd8 Rd5 58.Be7 Ra5 59.Bd6 Rb5 60.Be7 Ra5 61.Bf6 Rc5 62.Be5 Rc6 63.Kg4 Rc5
64.Kf5 Rc6 65.Bd4 Ra6 66.Be3 Kg7 67.Bd2 Kf7 68.Kg4 Ra4 69.Kf5 Ra6 70.Bc3 Rc6
71.Be5 Ra6 72.Bc3 Rc6 73.Bd4 Ra6 74.Bf6 Ra5+ 75.Be5 Ra6 76.Bd4 Ra5+ 77.Be5 Ra6
78.Kg4 Ra2 79.f5 Ra4+ 80.Kf3 Ra3+ 81.Ke4 Ra4+ 82.Bd4 Ra6 83.Kf3 Rd6 84.Bh8 Ra6
85.Kg4 Kg8 86.Bc3 Ra3 87.Bd2 Ra2 88.Bf4 Ra6 89.f6 Kf7 90.Kf5 Ra5+ 91.Be5  1-0

[Event "TCh-HUN 2005-6"]
[Site "Hungary HUN"]
[Date "2005.11.13"]
[Round "3"]
[White "Volosin,V"]
[Black "Gara,A"]
[Result "0-1"]
[WhiteElo "2289"]
[BlackElo "2369"]

1.c4 b6 2.Nc3 Bb7 3.e4 e6 4.d4 Bb4 5.f3 f5 6.exf5 Nh6 7.Bxh6 Qh4+ 8.g3 Qxh6
9.Qd2 Qxd2+ 10.Kxd2 Nc6 11.fxe6 dxe6 12.d5 exd5 13.cxd5 O-O-O 14.Bh3+ Kb8
15.Ne2 Ne5 16.Kc2 Bxd5 17.Nxd5 Rxd5 18.Rad1 Rhd8 19.Rxd5 Rxd5 20.Nc3 Bxc3
21.bxc3 Nxf3 22.Bg4 Rd2+ 23.Kc1 Rf2 24.Bxf3 Rxf3 25.Kc2 Rf2+ 26.Kb3 Kb7 27.a4 a5
28.h3 Rg2 29.g4 Rg3 30.Rh2 Kc6 31.Kc4 g5 32.Kb3 h6 33.Rh1 Kc5 34.Rh2 c6 35.Rf2 Rxh3
36.Rf5+ Kd6 37.Rf6+ Kd5 38.Rf5+ Ke6 39.Rf8 Rh4 40.Rh8 Kd5 41.Rd8+ Kc5 42.Rh8 Rxg4
43.Rxh6 b5 44.axb5 cxb5 45.Rh8 a4+ 46.Ka3 Rc4 47.Kb2 a3+ 48.Kb3 a2 49.Kxa2 Rxc3  0-1